Combinaisons au Poker - Statistiques

Statistiques générales
  • Ce quiz a été pris 991 fois
  • Le résultat moyen est 9 sur 10
Statistiques - réponses
Indice Combinaison % Correct
2 cartes de même valeur Paire
98%
5 valeurs consécutives Suite
98%
3 cartes de même valeur Brelan
96%
4 cartes de même valeur Carré
96%
5 cartes de même couleur Couleur
95%
2 fois 2 cartes de même valeur Double Paire
95%
5 valeurs consécutives de même couleur Quinte Flush
90%
3 cartes de même valeur + 2 cartes de même valeur Full
88%
Les 5 valeurs maximales consécutives et de même couleur Quinte Flush Royale
83%
Plus grosse carte Carte Haute
62%
Aucun quiz correspondant
Distribution des résultats
% des personnes avec chaque résultat
Percentile par nombre de réponses
Votre historique - résultats
Vous n’avez pas pris ce quiz